Datum a čas kvízu
28
Celkem bodů
Celkový počet nahraných bodů na tomto kvízu bez doplňovacích otázek.
7.
Pořadí na kvízu
Konečné umístění týmu na tomto kvízu.
Zaznamenané odpovědi
| # | Otázka | Odpověď | Body | Výsledky |
|---|---|---|---|---|
| 1. | V pondělí se konal ustavující... | GEN | 1 | |
| 2. | Oblíbená turistická atrakce, 6... | v Krakově | 0 | |
| 3. | Minulý týden jsme se dozvěděli... | Praha | 1 | |
| 4. | Jistý internetový portál nabíz... | Seznam.cz | 1 | |
| 5. | O víkendu proběhly v Ostravě k... | (Jižní) Korea, Tomáš Berdych | 0 | |
| 6. | Začneme největšími společnými... | (Vše)sokolský slet, Spartakiáda | 0.5 | |
| 7. | Napište anglický dvouslovný ná... | step aerobic | 0 | |
| 8. | Cvičení na tomto „půlmíči“ je... | BOSU | 0 | |
| 9. | Bikram jóga je speciální druh... | C) cvičí se v sále vyhřátém na 42 °C | 0 | |
| 10. | Tato žena se narodila v roce 1... | Jane Fonda | 1 |